<?xml version="1.0" encoding="UTF-8"?><?xml-stylesheet type="text/xsl" href="static/style.xsl"?><OAI-PMH xmlns="http://www.openarchives.org/OAI/2.0/" xmlns:xsi="http://www.w3.org/2001/XMLSchema-instance" xsi:schemaLocation="http://www.openarchives.org/OAI/2.0/ http://www.openarchives.org/OAI/2.0/OAI-PMH.xsd"><responseDate>2026-06-07T05:25:53Z</responseDate><request verb="GetRecord" identifier="oai:riuma.uma.es:10630/24552" metadataPrefix="marc">https://riuma.uma.es/rest/oai/request</request><GetRecord><record><header><identifier>oai:riuma.uma.es:10630/24552</identifier><datestamp>2026-02-03T11:54:12Z</datestamp><setSpec>com_10630_2254</setSpec><setSpec>col_10630_37959</setSpec></header><metadata><record xmlns="http://www.loc.gov/MARC21/slim" xmlns:dcterms="http://purl.org/dc/terms/" xmlns:doc="http://www.lyncode.com/xoai" xmlns:xsi="http://www.w3.org/2001/XMLSchema-instance" xsi:schemaLocation="http://www.loc.gov/MARC21/slim http://www.loc.gov/standards/marcxml/schema/MARC21slim.xsd">
   <leader>00925njm 22002777a 4500</leader>
   <datafield ind2=" " ind1=" " tag="042">
      <subfield code="a">dc</subfield>
   </datafield>
   <datafield ind2=" " ind1=" " tag="720">
      <subfield code="a">Pérez-Bravo, Raquel</subfield>
      <subfield code="e">author</subfield>
   </datafield>
   <datafield ind2=" " ind1=" " tag="720">
      <subfield code="a">Morales-Cantero, Alejandro</subfield>
      <subfield code="e">author</subfield>
   </datafield>
   <datafield ind2=" " ind1=" " tag="720">
      <subfield code="a">García-Aranda, Miguel Ángel</subfield>
      <subfield code="e">author</subfield>
   </datafield>
   <datafield ind2=" " ind1=" " tag="720">
      <subfield code="a">Santacruz-Cruz, María Isabel</subfield>
      <subfield code="e">author</subfield>
   </datafield>
   <datafield ind2=" " ind1=" " tag="720">
      <subfield code="a">Gómez-de-la-Torre, María de los  Ángeles</subfield>
      <subfield code="e">author</subfield>
   </datafield>
   <datafield ind2=" " ind1=" " tag="260">
      <subfield code="c">2022-06-30</subfield>
   </datafield>
   <datafield ind2=" " ind1=" " tag="520">
      <subfield code="a">Los eco-cementos tipo BYF se postulan como una alternativa a los PC (Cementos Portland) por su menor demanda de caliza. Estos están principalmente constituidos por tres fases: Belita (-C2S o -Ca2SiO4), Ye’elemita (C4A3S o Ca4Al6O12(SO4)) y Ferrita (C4AF o Ca2AlFeO5), de ahí sus siglas. Sin embargo, el problema principal de estos cementos son las bajas resistencias mecánicas a edades tempranas, debido a la baja reactividad de la belita a esas edades. Una manera de abordar esta problemática, consiste en activar la belita para tener fases más reactivas, como las formas alfa. Otra manera de activar estos materiales, es mediante el uso de aditivos (aceleradores) cuya finalidad es aumentar la velocidad de algunas reacciones de hidratación de estos cementos optimizando el ensamblaje de fases.&#xd;
Concretamente, en este trabajo se han estudiado dos familias de cementos BYF sintetizados en el laboratorio: estándar (con -C2S) y activado (con α’H-C2S o α’H-Ca2SiO4), denominados st-BYF y B-BYF, respectivamente. En la segunda familia, la fase α’H-C2S se estabilizó por la adición del B2O3 (en forma de bórax) en el proceso de clinkerización. Ambos cementos se prepararon mediante la adición de 10 %p de anhidrita al clínker molturado. Posteriormente, se abordó el estudio del efecto de la relación agua/cemento y de varios aditivos comerciales, como son: B2O3, CaCl2, TIPA (triisopropanolamina) y Master X-Seed (nano C-S-H), sobre la hidratación de las pastas y las prestaciones a edades tempranas. Las pastas se han caracterizado a través de su comportamiento reológico, difracción de rayos-X (laboratorio y sincrotrón), calorimetría y análisis térmico. Estos resultados se discutirán y relacionarán con las resistencias mecánicas de los morteros correspondientes.</subfield>
   </datafield>
   <datafield ind1="8" ind2=" " tag="024">
      <subfield code="a">https://hdl.handle.net/10630/24552</subfield>
   </datafield>
   <datafield tag="653" ind2=" " ind1=" ">
      <subfield code="a">Cemento</subfield>
   </datafield>
   <datafield tag="653" ind2=" " ind1=" ">
      <subfield code="a">Compuestos sellantes</subfield>
   </datafield>
   <datafield tag="653" ind2=" " ind1=" ">
      <subfield code="a">Mortero (Material)</subfield>
   </datafield>
   <datafield ind2="0" ind1="0" tag="245">
      <subfield code="a">Doble activación de cementos BYF (belita-ye’elemita-ferrita) y su efecto en pastas y morteros</subfield>
   </datafield>
</record>
</metadata></record></GetRecord></OAI-PMH>